| 000 | 02737nam0a2200385 4500 | ||
|---|---|---|---|
| 001 | RU\NLR\BIBL_A\011467919 | ||
| 005 | 20241103090804.0 | ||
| 021 |
_aRU _b2017-59647 _94222 |
||
| 035 | _a(RuMoRGB)008961129 | ||
| 035 | _a(NLR Aleph) 011467919 | ||
| 090 |
_a11838978 _c11838978 |
||
| 100 | _a20170907d2017 k y0rusy50 ca | ||
| 101 | 0 |
_arus _aeng |
|
| 102 | _aRU | ||
| 105 | _aa z 100zy | ||
| 200 | 1 |
_aVI Германо-Российский семинар по эндокринологии и диабетологии, Санкт-Петербург, Россия, 28-29 апреля 2017 г. _dVI German-Russian seminar on endocrinology and diabetology, St. Petersburg, Russia, 28th-29th of April, 2017 _dVI Deutsch-Russisches Seminar über Endokrinolgie und Diabetologie, St. Petersburg, Russland, 28.-29. April 2017 _eпрограмма и тезисы докладов _zeng _zger |
|
| 210 |
_aСанкт-Петербург _cБалтийский форум _d2017 |
||
| 215 |
_a101 с. _d29 |
||
| 225 | 1 |
_aБалтийский форум современной эндокринологии _x2218-4660 _v№ 13, апрель 2017 |
|
| 300 | _aВ надзаг.: Северо-Западный государственный медицинский университет имени И. И. Мечникова, Ассоциация по изучению нейроиммуноэндокринологии, Форум Р. Коха и И. Мечникова | ||
| 300 | _aТекст парал. на рус. и англ. яз. | ||
| 510 | 1 |
_6z01791 _aVI German-Russian seminar on endocrinology and diabetology, St. Petersburg, Russia, 28th-29th of April, 2017 _zeng |
|
| 510 | 1 |
_aVI Deutsch-Russisches Seminar über Endokrinolgie und Diabetologie, St. Petersburg, Russland, 28.-29. April 2017 _zger |
|
| 606 |
_aЭндокринология _jТезисы докладов _9925798 _3RU\NLR\AUTH\6621416 |
||
| 606 |
_aДиабетология _jТезисы докладов _9968847 _3RU\NLR\AUTH\66363057 |
||
| 686 |
_aР415.1я431(0) _2rubbk |
||
| 686 | 1 | _aР415.1я431(2) | |
| 686 | 1 | _aР415.160.23я431(2) | |
| 710 | 1 | 2 |
_aГермано-российский семинар по эндокринологии и диабетологии _d6 _eСанкт-Петербург _f2017 _9570613 _3RU\NLR\AUTH\880453520 |
| 791 | 1 | 2 |
_7ba _8eng _aGerman-Russian seminar on endocrinology and diabetology _d6 _eSaint Petersburg _f2017 _9570619 _3RU\NLR\AUTH\880453523 |
| 942 | _cBOOK | ||
| 980 | _aNBR | ||